Healing in the Nigerian church : a pastoral - psychological exploration (Record no. 202546)

MARC details
000 -LEADER
fixed length control field 00628nam a2200205Ia 4500
008 - FIXED-LENGTH DATA ELEMENTS--GENERAL INFORMATION
fixed length control field 191130s1998##################000#0#eng##
020 ## - INTERNATIONAL STANDARD BOOK NUMBER
ISBN 9783960760117
082 ## - DEWEY DECIMAL CLASSIFICATION NUMBER
Classification number 234.131 UGW
100 ## - MAIN ENTRY--AUTHOR NAME
Personal name Ugwu, Chinonyelu Moses
245 ## - TITLE STATEMENT
Title Healing in the Nigerian church : a pastoral - psychological exploration
Statement of responsibility, etc Chinonyelu Moses Ugwu
260 ## - PUBLICATION, DISTRIBUTION, ETC. (IMPRINT)
Place of publication Bern
Name of publisher Peter Lang
Year of publication c1998
300 ## - PHYSICAL DESCRIPTION
Number of Pages 264 p. ; 23 cm
500 ## - GENERAL NOTE
General note Includes bibliographical references (p. 259-265)
650 ## - SUBJECT ADDED ENTRY--TOPICAL TERM
Topical Term Christianity
Topical Term Religion
991 ## -
-- 100341
Holdings
Withdrawn status Lost status Damaged status Not for loan Home library Current library Shelving location Date acquired Full call number Accession Number Price effective from Koha item type
        Anna Centenary Library Anna Centenary Library 3RD FLOOR, B WING 13.10.2020 234.131 UGW 222902 13.10.2020 English Books

Find us on the map